000 00781nam a2200253Ia 4500
003 OSt
005 20220926030657.0
006 a|||||r|||| 00| 0
007 ta
008 220923b |||||||| |||| 00| 0 eng d
037 _cGeneral Book
040 _aRTL
_cRTL
_beng
041 _2eng
_aeng
082 _aX:57.730k.N6, K5-;1
100 _aHalm George N
245 0 _aBand proposal
_b The limites of permissible exchange
260 _aPRINCETON
_bUNIVERSITY 1965 DEPARTMENT OF ECONOMICS
_c1965
300 _a58p
_ccm.
490 _aPrincetion University, special papers in international economics.
650 _a Foreign Exchange
650 _aEconomics
942 _hX:57.730k.N6, K5-;1
_cGB
_2CC
999 _c650504
_d650504